[Event "Chervonny Open 2012"]
[Site "?"]
[Date "2012.09.20"]
[Round "1"]
[White "Gulkov, Igor A."]
[Black "Sepp, Yuri"]
[Result "1-0"]
[WhiteElo "2355"]
[BlackElo "1957"]
[PlyCount "147"]
[EventDate "2012.09.22"]
[SourceDate "2012.09.22"]

1. Nf3 Nf6 2. c4 c5 3. Nc3 Nc6 4. d4 cxd4 5. Nxd4 d6 6. e4 e6 7. Be2 Be7 8. O-O
O-O 9. Be3 Bd7 10. Qd2 Nxd4 11. Bxd4 Bc6 12. f3 Qb8 13. Rfd1 Rd8 14. Rac1 Be8
15. Bf1 Nd7 16. Qf2 Ne5 17. b3 Nc6 18. Be3 Ne5 19. h3 Ng6 20. f4 Bc6 21. g3 b6
22. Bg2 Qb7 23. h4 Rac8 24. Qe2 Qb8 25. Bf2 Nf8 26. Nd5 Bxd5 27. exd5 e5 28.
Bh3 Nd7 29. Re1 Bf6 30. Bxd7 Rxd7 31. Qg4 Re7 32. f5 Rce8 33. Re4 Rc7 34. Qe2
Qd8 35. a4 Rf8 36. Kg2 Kh8 37. Rh1 g6 38. Qf3 Bg7 39. Be3 gxf5 40. Qxf5 Qf6 41.
Rf1 Qxf5 42. Rxf5 f6 43. g4 Kg8 44. Bd2 Rff7 45. h5 h6 46. Kf3 Kf8 47. Ke2 Ke7
48. Kd3 Rf8 49. Re1 Rg8 50. Re4 Rf8 51. Rf3 Ke8 52. Be1 Rcf7 53. Rf5 Kd7 54.
Re2 a6 55. Bb4 Rc8 56. Ra2 Bf8 57. Raf2 Bg7 58. Ke4 Rcf8 59. R5f3 Rg8 60. Bd2
Ke7 61. Be3 b5 62. cxb5 axb5 63. a5 Ra8 64. Bb6 Bh8 65. Rc3 Rg7 66. Rc7+ Ke8
67. Rxg7 Bxg7 68. Rc2 Bf8 69. Kf5 Kf7 70. Rc7+ Be7 71. b4 Ke8 72. Ke6 Bf8 73.
a6 e4 74. a7 1-0

[Event "Chervonny Open 2012"]
[Site "?"]
[Date "2012.09.20"]
[Round "1"]
[White "Dzera, Evgeniy"]
[Black "Kovalev, Aleksandr"]
[Result "0-1"]
[WhiteElo "2173"]
[BlackElo "1929"]
[PlyCount "78"]
[EventDate "2012.09.22"]
[SourceDate "2012.09.22"]

1. c4 e5 2. Nc3 Nf6 3. g3 c6 4. Bg2 d5 5. cxd5 cxd5 6. d3 h6 7. Bd2 Nc6 8. a3
Be7 9. b4 a6 10. Nh3 O-O 11. O-O Bf5 12. Kh1 Qd7 13. Ng1 Rad8 14. Na4 e4 15.
dxe4 Nxe4 16. Bxe4 Bxe4+ 17. f3 Bf5 18. Rc1 Rfe8 19. Nc5 Bxc5 20. Rxc5 b6 21.
Rc1 Qe6 22. g4 Bg6 23. Bf4 Ne5 24. Bxe5 Qxe5 25. Qa4 Ra8 26. Rc6 Qe3 27. Rfc1
d4 28. Rd1 Qf2 29. Qb3 Kh7 30. Qc4 Rad8 31. Qxa6 d3 32. e4 d2 33. Qe2 Qxe2 34.
Nxe2 Rxe4 35. fxe4 Bxe4+ 36. Kg1 Bxc6 37. Kf2 Ba4 38. Nc3 Bxd1 39. Nxd1 Re8 0-1

[Event "Chervonny Open 2012"]
[Site "?"]
[Date "2012.09.20"]
[Round "1"]
[White "Blinov, Sergey"]
[Black "Kozlov, Aleksandr"]
[Result "0-1"]
[WhiteElo "1925"]
[BlackElo "2153"]
[PlyCount "99"]
[EventDate "2012.09.22"]
[SourceDate "2012.09.23"]

1. Nf3 Nf6 2. b3 g6 3. Bb2 Bg7 4. e3 O-O 5. d4 d6 6. Nbd2 Nbd7 7. c4 Re8 8. Be2
e5 9. d5 a5 10. O-O Nc5 11. Ne1 Qe7 12. a3 Bd7 13. b4 Na4 14. Qc1 b6 15. e4 Bh6
16. Bf3 Nxb2 17. Qxb2 axb4 18. Qxb4 Ra4 19. Qc3 Bxd2 20. Qxd2 Rxc4 21. Nc2 Ba4
22. Nb4 Rd4 23. Qe3 Ra8 24. Rfc1 Ra7 25. Rc3 Qd7 26. Rac1 Kg7 27. h3 h6 28. Rc4
Rxc4 29. Rxc4 Qd8 30. Rc3 Nd7 31. Be2 Qa8 32. Bg4 Nc5 33. f4 Qe8 34. f5 g5 35.
Bh5 Qf8 36. h4 f6 37. hxg5 hxg5 38. Nc6 Bxc6 39. dxc6 Ra4 40. Rxc5 dxc5 41. Qb3
Rxe4 42. Qe6 Rd4 43. Be8 c4 44. Qc8 Qd6 45. Bh5 Qe7 46. Bf3 Rd8 47. Qa6 e4 48.
Be2 Qc5+ 49. Kf1 Qxf5+ 50. Ke1 0-1

[Event "Chervonny Open 2012"]
[Site "?"]
[Date "2012.09.20"]
[Round "1"]
[White "Kasyanov, Vasiliy"]
[Black "Anikeev, Anatoliy"]
[Result "1-0"]
[WhiteElo "2113"]
[BlackElo "1898"]
[PlyCount "99"]
[EventDate "2012.09.22"]
[SourceDate "2012.09.23"]

1. d4 d5 2. Bg5 Nd7 3. e3 Ngf6 4. Bd3 e6 5. Nf3 Be7 6. O-O O-O 7. c4 c6 8. Nc3
h6 9. Bh4 dxc4 10. Bxc4 Nd5 11. Bxe7 Qxe7 12. Bb3 a5 13. Rc1 Nxc3 14. bxc3 b5
15. a4 Ba6 16. Re1 Rfd8 17. c4 bxa4 18. Bxa4 Bb7 19. Rb1 Nf6 20. c5 Nd5 21. Qb3
Nb4 22. Ne5 g6 23. Nc4 Qc7 24. Nxa5 Qxa5 25. Qxb4 Qxa4 26. Qxa4 Rxa4 27. Rxb7
Rda8 28. g3 R8a7 29. Rb6 Rc7 30. Reb1 Ra8 31. Kg2 Kg7 32. h4 h5 33. Kf3 Kf6 34.
Kf4 Ke7 35. Kg5 Ra2 36. R1b2 Ra8 37. Rb7 Rac8 38. f3 e5 39. dxe5 Ke6 40. f4 Kd5
41. Rxc7 Rxc7 42. Rc2 Ke4 43. e6 fxe6 44. Kxg6 Kf3 45. Kxh5 Kxg3 46. Kg5 Rh7
47. h5 Rg7+ 48. Kf6 Rh7 49. Kg6 Rh8 50. h6 1-0

[Event "Chervonny Open 2012"]
[Site "?"]
[Date "2012.09.20"]
[Round "1"]
[White "Tokarzhevskiy, Aleksey"]
[Black "Shapkin, Anatoliy"]
[Result "0-1"]
[WhiteElo "1860"]
[BlackElo "2109"]
[PlyCount "74"]
[EventDate "2012.09.22"]
[SourceDate "2012.09.23"]

1. e4 c5 2. Nf3 d6 3. d4 cxd4 4. Nxd4 Nf6 5. Nc3 a6 6. Be3 Nbd7 7. f4 e6 8. Qd2
Qc7 9. Be2 b5 10. a3 Bb7 11. Bf3 Nc5 12. O-O-O Ncxe4 13. Nxe4 Nxe4 14. Bxe4
Bxe4 15. Rhe1 d5 16. Bf2 Bd6 17. Nxe6 fxe6 18. Rxe4 dxe4 19. Qxd6 Qxd6 20. Rxd6
O-O 21. Rxe6 Rxf4 22. Bg3 Rf1+ 23. Kd2 Rg1 24. Rxe4 Rxg2+ 25. Re2 Rd8+ 26. Ke1
Rxe2+ 27. Kxe2 Kf7 28. b3 Ke6 29. c4 bxc4 30. bxc4 Rd4 31. c5 Rc4 32. Bd6 Ra4
33. Bf8 g6 34. Kd2 Kd5 35. Kc3 Rxa3+ 36. Kb4 Ra2 37. Kb3 Rxh2 0-1

[Event "Chervonny Open 2012"]
[Site "?"]
[Date "2012.09.20"]
[Round "1"]
[White "Medvedev, Vladimir"]
[Black "Dyachkov, Oleg"]
[Result "1-0"]
[WhiteElo "2099"]
[BlackElo "1803"]
[PlyCount "70"]
[EventDate "2012.09.22"]
[SourceDate "2012.09.23"]

1. Nf3 c5 2. g3 d6 3. Bg2 Nf6 4. d3 e6 5. e4 Nc6 6. O-O Be7 7. Re1 Qc7 8. c3
O-O 9. Nbd2 Rb8 10. a4 a6 11. Nf1 b5 12. axb5 axb5 13. d4 e5 14. dxe5 dxe5 15.
Bg5 Rd8 16. Qc2 Be6 17. Ne3 h6 18. Bxf6 Bxf6 19. Bf1 Na5 20. Nd2 c4 21. Bg2 Bg5
22. Ndf1 Nb3 23. Rad1 Rxd1 24. Rxd1 Rd8 25. Nd5 Qa7 26. h4 Be7 27. Nfe3 Ra8 28.
Nxe7+ Qxe7 29. Nd5 Qa7 30. Kh2 Nc5 31. Nb4 f6 32. Rd6 Qc7 33. Qd1 Kf7 34. Rc6
Qe7 35. Nd5 Qd8 1-0

[Event "Chervonny Open 2012"]
[Site "?"]
[Date "2012.09.20"]
[Round "1"]
[White "Reva-Nikitina, Zoya N"]
[Black "Gavrilov, Yuri"]
[Result "0-1"]
[WhiteElo "1801"]
[BlackElo "2082"]
[PlyCount "78"]
[EventDate "2012.09.22"]
[SourceDate "2012.09.23"]

1. b4 d5 2. b5 a6 3. Bb2 axb5 4. Nf3 e6 5. Nc3 Bd7 6. e4 b4 7. Nb5 Bxb5 8.
Bxb5+ c6 9. Bd3 Nf6 10. exd5 Nxd5 11. O-O Nd7 12. c4 bxc3 13. dxc3 Be7 14. c4
N5f6 15. Qc2 Qa5 16. Bc3 Qc7 17. Ng5 h6 18. Nxf7 Kxf7 19. Bg6+ Kf8 20. Qe2 e5
21. Rfe1 Ra3 22. Bb2 Qa5 23. Bxa3 Qxa3 24. Rab1 b6 25. Rb3 Qd6 26. Rd1 Qe6 27.
Rf3 Bd6 28. Qe4 Ke7 29. Qxc6 e4 30. Bxe4 Nxe4 31. g3 Ndf6 32. Re3 Bc5 33. Qb7+
Ke8 34. Qb8+ Kf7 35. Qc7+ Kg6 36. Re2 Qxc4 37. Kf1 Nc3 38. Rde1 Nxe2 39. Rxe2
Re8 0-1

[Event "Chervonny Open 2012"]
[Site "?"]
[Date "2012.09.20"]
[Round "1"]
[White "Kuryshkin, Anatoliy"]
[Black "Kots, Dmitry"]
[Result "1-0"]
[WhiteElo "2055"]
[BlackElo "1795"]
[PlyCount "24"]
[EventDate "2012.09.22"]
[SourceDate "2012.09.23"]

1. e4 c6 2. d4 d5 3. Nd2 dxe4 4. Nxe4 Bf5 5. Nc5 b6 6. Nb3 e6 7. Nf3 Nf6 8. c3
c5 9. Bb5+ Nbd7 10. dxc5 Bxc5 11. Nxc5 bxc5 12. Ne5 Bh3 1-0

[Event "Chervonny Open 2012"]
[Site "?"]
[Date "2012.09.20"]
[Round "1"]
[White "Leschenko, Wjatcheslaw"]
[Black "Redikultsev, Boris"]
[Result "0-1"]
[WhiteElo "1652"]
[BlackElo "2055"]
[PlyCount "102"]
[EventDate "2012.09.22"]
[SourceDate "2012.09.23"]

1. Nf3 Nf6 2. c4 Nc6 3. e3 e5 4. Nc3 Bb4 5. Nd5 e4 6. Nxb4 Nxb4 7. Nd4 O-O 8.
a3 Nc6 9. b4 Nxd4 10. exd4 d5 11. c5 Bg4 12. Qb3 c6 13. h3 Bh5 14. g4 Bg6 15.
Be2 Nd7 16. h4 f5 17. h5 Bf7 18. gxf5 Qg5 19. Qg3 Qf6 20. h6 g6 21. fxg6 Bxg6
22. Bb2 a5 23. Bh5 axb4 24. axb4 Rxa1+ 25. Bxa1 Kh8 26. Bxg6 hxg6 27. Bc3 Kh7
28. Rh2 Rf7 29. Ke2 Nf8 30. d3 exd3+ 31. Kxd3 Qf5+ 32. Kd2 Ne6 33. Qe3 Ng5 34.
Kc1 Qg4 35. Qg3 Qxg3 36. fxg3 Rf3 37. Bd2 Rxg3 38. Re2 Ne4 39. Kc2 g5 40. b5
cxb5 41. Be3 Kxh6 42. Kb3 Kg6 43. Kb4 g4 44. Re1 Rg2 45. Ka5 b4 46. Kb6 b3 47.
Kxb7 b2 48. c6 Re2 49. Rg1 Rxe3 50. Rxg4+ Kf5 51. Rg1 Rb3+ 0-1

[Event "Chervonny Open 2012"]
[Site "?"]
[Date "2012.09.20"]
[Round "1"]
[White "Ibragimov, Ali"]
[Black "Guseva, Antonina"]
[Result "1-0"]
[WhiteElo "2056"]
[BlackElo "1660"]
[PlyCount "77"]
[EventDate "2012.09.22"]
[SourceDate "2012.09.23"]

1. e4 c5 2. d3 Nc6 3. Nd2 d6 4. Ngf3 Nf6 5. g3 Bg4 6. Bg2 e6 7. O-O Be7 8. h3
Bh5 9. c3 O-O 10. g4 Bg6 11. Nh4 d5 12. Nxg6 hxg6 13. Qe2 Qc7 14. f4 Rad8 15.
e5 Nh7 16. g5 Qc8 17. h4 f6 18. exf6 gxf6 19. Bh3 f5 20. Re1 Rd6 21. Nf3 a6 22.
h5 gxh5 23. Ne5 Qe8 24. g6 Nxe5 25. gxh7+ Kxh7 26. fxe5 Rg8+ 27. Kh1 Rd7 28.
Bf4 Bg5 29. Qf3 Rdg7 30. Rg1 Bxf4 31. Qxf4 d4 32. Rxg7+ Rxg7 33. Rg1 Rxg1+ 34.
Kxg1 Qg6+ 35. Kf2 Qh6 36. Qxh6+ Kxh6 37. Bg2 b6 38. Bb7 Kg7 39. Bxa6 1-0

[Event "Chervonny Open 2012"]
[Site "?"]
[Date "2012.09.20"]
[Round "1"]
[White "Guseva, Lidia"]
[Black "An, Yuriy"]
[Result "1-0"]
[WhiteElo "1540"]
[BlackElo "1998"]
[PlyCount "89"]
[EventDate "2012.09.22"]
[SourceDate "2012.09.23"]

1. e4 Nf6 2. e5 Nd5 3. d4 d6 4. c4 Nb6 5. f4 dxe5 6. dxe5 Qxd1+ 7. Kxd1 Bg4+ 8.
Nf3 e6 9. Be3 Na6 10. Nc3 O-O-O+ 11. Ke1 Bb4 12. Rc1 Na4 13. a3 Bxc3+ 14. bxc3
N6c5 15. Bxc5 Nxc5 16. Nd4 Ne4 17. Be2 h5 18. Bf3 Nc5 19. Ke2 a6 20. h3 Bf5 21.
Nxf5 exf5 22. Rhd1 h4 23. Rd5 Ne6 24. Ke3 c6 25. Rdd1 Kc7 26. Rb1 Rhe8 27. Rb2
Rxd1 28. Bxd1 Nc5 29. Re2 Ne4 30. Kd3 Rd8+ 31. Kc2 Rxd1 32. Rxe4 Rf1 33. Re2
Rxf4 34. Kd3 Kd7 35. Rb2 b5 36. cxb5 axb5 37. Rb4 g5 38. Rxf4 gxf4 39. Kd4 Kd8
40. c4 bxc4 41. Kxc4 Kc7 42. Kc5 Kb7 43. a4 Kc7 44. a5 Kb7 45. a6+ 1-0

[Event "Chervonny Open 2012"]
[Site "?"]
[Date "2012.09.21"]
[Round "2"]
[White "Kozlov, Aleksandr"]
[Black "Ibragimov, Ali"]
[Result "1-0"]
[WhiteElo "2153"]
[BlackElo "2056"]
[PlyCount "45"]
[EventDate "2012.09.22"]
[SourceDate "2012.09.23"]

1. Nf3 g6 2. e4 Bg7 3. d4 c6 4. Be2 d5 5. e5 Bg4 6. O-O Nd7 7. h3 Bxf3 8. Bxf3
e6 9. c3 Ne7 10. Nd2 Nf5 11. Nb3 O-O 12. Bg4 f6 13. exf6 Qxf6 14. Bf4 e5 15.
dxe5 Nxe5 16. Nc5 Rf7 17. Re1 Nxg4 18. hxg4 Nh4 19. Bg3 Re7 20. g5 Qxg5 21. Ne6
Qf6 22. Nxg7 Kxg7 23. Rxe7+ 1-0

[Event "Chervonny Open 2012"]
[Site "?"]
[Date "2012.09.21"]
[Round "2"]
[White "Shapkin, Anatoliy"]
[Black "Milutin, Lev"]
[Result "1-0"]
[WhiteElo "2109"]
[BlackElo "1961"]
[PlyCount "67"]
[EventDate "2012.09.22"]
[SourceDate "2012.09.23"]

1. d4 d5 2. c4 e6 3. Nf3 Nf6 4. Nc3 c6 5. Bg5 Be7 6. e3 O-O 7. Bd3 h6 8. Bh4
Nbd7 9. O-O Re8 10. Rc1 Nf8 11. Qc2 Nh5 12. Bxe7 Qxe7 13. Rfe1 Nf6 14. e4 dxe4
15. Nxe4 Rd8 16. Rcd1 Nxe4 17. Bxe4 Qf6 18. Ne5 Qg5 19. g3 f5 20. f4 Qf6 21.
Bg2 Bd7 22. d5 cxd5 23. cxd5 Rac8 24. Qb3 b6 25. Nxd7 Rxd7 26. dxe6 Rxd1 27.
e7+ Ne6 28. Rxd1 Kh7 29. Re1 Nc7 30. Qd3 Ne8 31. Qd7 Nd6 32. Qxc8 Qd4+ 33. Kh1
Nxc8 34. e8=Q 1-0

[Event "Chervonny Open 2012"]
[Site "?"]
[Date "2012.09.21"]
[Round "2"]
[White "Gavrilov, Yuri"]
[Black "Guseva, Lidia"]
[Result "0-1"]
[WhiteElo "2082"]
[BlackElo "1540"]
[PlyCount "62"]
[EventDate "2012.09.22"]
[SourceDate "2012.09.23"]

1. d4 Nf6 2. c4 e5 3. Nf3 exd4 4. Nxd4 Bc5 5. e3 O-O 6. Nc3 d6 7. Be2 Bd7 8.
Bf3 Bxd4 9. exd4 Re8+ 10. Be3 Nc6 11. O-O Bf5 12. Bg5 h6 13. Bh4 g5 14. Bg3 Ne4
15. Bxe4 Bxe4 16. Qh5 Qf6 17. Rfe1 Qg6 18. Qd1 f5 19. f3 f4 20. Nxe4 fxg3 21.
hxg3 g4 22. Qd2 gxf3 23. gxf3 Rf8 24. Kg2 Qh5 25. Re3 Rae8 26. Rh1 Qf7 27. Rxh6
Rxe4 28. fxe4 Qf1+ 29. Kh2 Rf2+ 30. Qxf2 Qxf2+ 31. Kh3 Qxe3 0-1

[Event "Chervonny Open 2012"]
[Site "?"]
[Date "2012.09.21"]
[Round "2"]
[White "Redikultsev, Boris"]
[Black "Kasyanov, Vasiliy"]
[Result "1/2-1/2"]
[WhiteElo "2055"]
[BlackElo "2113"]
[PlyCount "139"]
[EventDate "2012.09.22"]
[SourceDate "2012.09.23"]

1. e4 c5 2. b3 d6 3. Bb2 Nf6 4. Nc3 g6 5. Nd5 e5 6. f4 Nxd5 7. exd5 Bg7 8. Nf3
O-O 9. fxe5 dxe5 10. c4 e4 11. Bxg7 Kxg7 12. Ng1 Re8 13. Qc2 Qf6 14. O-O-O Bg4
15. Be2 Bxe2 16. Nxe2 Qf2 17. Qc3+ Kg8 18. Ng3 Qxg2 19. Nf5 gxf5 20. Rhg1 Qg6
21. Qf6 Kf8 22. Rxg6 hxg6 23. d6 Kg8 24. Rg1 Nd7 25. Qxf5 Rad8 26. Qd5 Ne5 27.
Rg5 Nd3+ 28. Kb1 Kg7 29. h4 b6 30. Qc6 Re6 31. Rd5 Ree8 32. d7 Rh8 33. Qd6 Rxh4
34. Rxd3 exd3 35. Qe5+ Kf8 36. Qd6+ Kg7 37. Qe7 Rhh8 38. Kb2 Rhf8 39. Ka3 Kh6
40. Qe3+ g5 41. Qxd3 f5 42. Qd6+ Kh5 43. b4 cxb4+ 44. Kxb4 f4 45. d4 Rf7 46.
Qe6 Rfxd7 47. Qh3+ Kg6 48. Qe6+ Kg7 49. d5 Rd6 50. Qf5 Kh6 51. Kb5 Kh5 52. Qh3+
Kg6 53. Qd3+ Kf6 54. Qh7 g4 55. Qh4+ Kf5 56. Qh5+ Ke4 57. Qxg4 Ke3 58. Qg1+ Ke4
59. Qe1+ Kf3 60. Qf1+ Kg3 61. Qg1+ Kf3 62. Kb4 Ke2 63. Qg2+ Ke3 64. Qg5 Ke4 65.
Kc3 b5 66. Qg2+ f3 67. Qg4+ Ke3 68. Qd4+ Ke2 69. Qe4+ Kf2 70. Qh4+ 1/2-1/2

[Event "Chervonny Open 2012"]
[Site "?"]
[Date "2012.09.21"]
[Round "2"]
[White "Kovalev, Aleksandr"]
[Black "Medvedev, Vladimir"]
[Result "1/2-1/2"]
[WhiteElo "1929"]
[BlackElo "2099"]
[PlyCount "52"]
[EventDate "2012.09.22"]
[SourceDate "2012.09.23"]

1. e4 d6 2. d4 Nf6 3. Nc3 Nbd7 4. Bc4 e5 5. Nf3 Be7 6. Bxf7+ Kxf7 7. Ng5+ Kg8
8. Ne6 Qe8 9. Nxc7 Qg6 10. O-O exd4 11. N3d5 Nxd5 12. Nxd5 Bf6 13. Nc7 Rb8 14.
Qe2 Ne5 15. f4 Bg4 16. Qb5 Nf7 17. Qd3 Qh5 18. Rf2 Qc5 19. Nd5 Be6 20. b4 Qc6
21. Nxf6+ gxf6 22. Qxd4 Kg7 23. Bb2 Ne5 24. fxe5 fxe5 25. Qe3 Rhf8 26. Qg5+ Kh8
1/2-1/2

[Event "Chervonny Open 2012"]
[Site "?"]
[Date "2012.09.21"]
[Round "2"]
[White "Kuryshkin, Anatoliy"]
[Black "Gulkov, Igor A"]
[Result "0-1"]
[WhiteElo "2055"]
[BlackElo "2355"]
[PlyCount "100"]
[EventDate "2012.09.22"]
[SourceDate "2012.09.23"]

1. e4 c5 2. Nf3 d6 3. d4 cxd4 4. Nxd4 Nf6 5. Nc3 a6 6. Bg5 e6 7. f4 Be7 8. Qf3
Qc7 9. O-O-O Nbd7 10. Kb1 b5 11. Bd3 b4 12. Nce2 Bb7 13. Rhe1 h6 14. Bxf6 Bxf6
15. f5 e5 16. Nb3 a5 17. Bb5 Bc6 18. Qd3 Ke7 19. Qc4 Rhc8 20. Qxc6 Qxc6 21.
Bxc6 Rxc6 22. c3 Bg5 23. cxb4 axb4 24. Nec1 Nf6 25. Nd3 Rc4 26. Nf2 h5 27. Re2
Rac8 28. a3 bxa3 29. bxa3 Ra8 30. Kb2 Raa4 31. Rde1 g6 32. fxg6 fxg6 33. Na1
Ra8 34. Nc2 Rac8 35. Nb4 Bc1+ 36. Rxc1 Rxc1 37. Nc2 Rg1 38. Ne1 Rb8+ 39. Kc2
Rf1 40. g3 g5 41. Nd1 Rc8+ 42. Kb2 Rh1 43. Nc3 h4 44. gxh4 gxh4 45. Nf3 h3 46.
a4 Rg8 47. a5 Ra8 48. Ng5 Rxa5 49. Nxh3 Ra8 50. Ng5 Rh8 0-1

[Event "Chervonny Open 2012"]
[Site "?"]
[Date "2012.09.21"]
[Round "2"]
[White "Nazarenkov, Aleksandr"]
[Black "Dzera, Evgeniy"]
[Result "1/2-1/2"]
[WhiteElo "2224"]
[BlackElo "2173"]
[PlyCount "47"]
[EventDate "2012.09.22"]
[SourceDate "2012.09.26"]

1. d4 Nf6 2. Bg5 e6 3. e4 Be7 4. Bd3 c5 5. c3 cxd4 6. cxd4 Nc6 7. Ne2 h6 8.
Bxf6 Bxf6 9. e5 Be7 10. O-O d6 11. exd6 Qxd6 12. Nbc3 a6 13. Be4 O-O 14. d5
exd5 15. Nxd5 Bd8 16. Nec3 Kh8 17. Qh5 Qe5 18. Qxe5 Nxe5 19. Na4 Nc4 20. b3 Nd2
21. Rfe1 Nxe4 22. Rxe4 Bf5 23. Re5 g6 24. Nab6 1/2-1/2

[Event "Chervonny Open 2012"]
[Site "?"]
[Date "2012.09.21"]
[Round "2"]
[White "An, Yuriy"]
[Black "Balashov, Pavel"]
[Result "0-1"]
[WhiteElo "1998"]
[BlackElo "1938"]
[PlyCount "52"]
[EventDate "2012.09.22"]
[SourceDate "2012.09.26"]

1. d4 f5 2. Bg5 g6 3. c3 Bg7 4. Qd2 h6 5. Bf4 d6 6. h4 Nc6 7. d5 Ne5 8. Nf3
Nxf3+ 9. gxf3 e5 10. dxe6 Bxe6 11. Rg1 Qf6 12. Na3 O-O-O 13. Nb5 a6 14. Nd4 Bf7
15. Rh1 Ne7 16. e4 Rde8 17. Kd1 d5 18. e5 Qb6 19. Be3 Bxe5 20. Nxf5 d4 21.
Nxe7+ Rxe7 22. cxd4 Rd8 23. Bh3+ Kb8 24. Ke1 Bc4 25. b3 Rxd4 26. Qc2 Qb4+ 0-1

[Event "Chervonny Open 2012"]
[Site "?"]
[Date "2012.09.21"]
[Round "2"]
[White "Sepp, Yuri"]
[Black "Leschenko, Wjatcheslaw"]
[Result "1-0"]
[WhiteElo "1957"]
[BlackElo "1652"]
[PlyCount "116"]
[EventDate "2012.09.22"]
[SourceDate "2012.09.26"]

1. e4 d6 2. d4 c6 3. f4 h6 4. Nf3 Bg4 5. h3 Bh5 6. g4 Bg6 7. f5 Bh7 8. Nc3 g5
9. Bc4 Bg7 10. Be3 Qb6 11. Qd2 Nd7 12. O-O-O a6 13. Bb3 Qc7 14. Rdg1 b5 15. h4
c5 16. Bd5 O-O-O 17. hxg5 hxg5 18. Bxf7 Ndf6 19. Nxg5 b4 20. Ne2 Nh6 21. Qd3
Nfxg4 22. Rxg4 Nxg4 23. Rxh7 Rxh7 24. Nxh7 Rh8 25. Bg6 c4 26. Qd2 a5 27. Bg5
Nf6 28. Bxf6 Bxf6 29. c3 Qb7 30. Qf4 a4 31. cxb4 Qxb4 32. Qd2 Qb6 33. Qe3 Kc7
34. Qc3 Qa6 35. Kc2 Rb8 36. Bf7 Rh8 37. Nxf6 exf6 38. Bxc4 Qc6 39. Bb5 Qxc3+
40. Nxc3 a3 41. bxa3 Kb6 42. a4 Rh2+ 43. Kb3 Ka5 44. a3 Rh3 45. Kc4 Re3 46. Bc6
Re1 47. Kd3 Ra1 48. Nd5 Rd1+ 49. Ke3 Re1+ 50. Kd3 Rd1+ 51. Ke3 Re1+ 52. Kf3 Rd1
53. Nxf6 Rxd4 54. Ke3 Rc4 55. Bb5 Rc3+ 56. Kd4 Rxa3 57. Ne8 Kb6 58. Nxd6 Ra2
1-0

[Event "Chervonny Open 2012"]
[Site "?"]
[Date "2012.09.21"]
[Round "2"]
[White "Kots, Dmitry"]
[Black "Blinov, Sergey"]
[Result "1-0"]
[WhiteElo "1795"]
[BlackElo "1925"]
[PlyCount "92"]
[EventDate "2012.09.22"]
[SourceDate "2012.09.26"]

1. e4 e6 2. Nf3 b6 3. d4 Bb7 4. Bd3 Nf6 5. Nc3 Bb4 6. Qe2 c5 7. Bd2 Nc6 8. d5
Ne7 9. d6 Bxc3 10. Bxc3 Nc6 11. h4 Nb4 12. Bxb4 cxb4 13. b3 Qc8 14. O-O Qc5 15.
e5 Nd5 16. Qe4 O-O-O 17. Qc4 f6 18. Qxc5+ bxc5 19. a3 Kb8 20. axb4 Nxb4 21. Ra5
Nxd3 22. cxd3 Rc8 23. Rfa1 a6 24. Rc1 Ka7 25. Raxc5 Rxc5 26. Rxc5 Rc8 27. Rxc8
Bxc8 28. exf6 gxf6 29. Nd4 Bb7 30. Nxe6 Kb6 31. Nf8 Kc6 32. Nxh7 f5 33. f4 Kxd6
34. Nf6 Ke7 35. Nh7 a5 36. Kf2 Bd5 37. g3 Bxb3 38. Ke3 Bg8 39. Ng5 Kf6 40. Nf3
Bd5 41. Nd2 Ke7 42. Nc4 a4 43. Kd4 Be6 44. Kc3 d5 45. Nb6 a3 46. Kb3 Kd6 1-0

[Event "Chervonny Open 2012"]
[Site "?"]
[Date "2012.09.21"]
[Round "2"]
[White "Guseva, Antonina"]
[Black "Tokarzhevskiy, Aleksey"]
[Result "0-1"]
[WhiteElo "1660"]
[BlackElo "1860"]
[PlyCount "88"]
[EventDate "2012.09.22"]
[SourceDate "2012.09.26"]

1. e4 e6 2. d4 d5 3. Nc3 Nf6 4. Bg5 Be7 5. e5 Nfd7 6. h4 h6 7. Be3 c5 8. Nb5
Nc6 9. Qg4 g6 10. Bd3 cxd4 11. Bxd4 Ndxe5 12. Bxe5 Nxe5 13. Qg3 Nxd3+ 14. Qxd3
a6 15. Nc3 d4 16. Nce2 e5 17. Nf3 Bf5 18. Qb3 Qc7 19. Rc1 Be6 20. Qd3 Bb4+ 21.
c3 Bf5 22. Qd1 Ba5 23. b4 d3 24. Ng3 e4 25. Nd4 Bb6 26. O-O Qe5 27. Ndxf5 gxf5
28. Qh5 Qxg3 29. Qxf5 Kf8 30. Qxe4 Re8 31. Qxb7 Qg6 32. Rcd1 Rg8 33. a4 Re7 34.
Qa8+ Kg7 35. Qf3 Rd8 36. a5 Bc7 37. h5 Qd6 38. Qg4+ Kf8 39. g3 Rde8 40. Qc4 d2
41. Qa2 Bd8 42. f4 Qc6 43. Rf2 Re1+ 44. Rf1 R8e2 0-1

[Event "Chervonny Open 2012"]
[Site "?"]
[Date "2012.09.21"]
[Round "3"]
[White "Gulkov, Igor A"]
[Black "Shapkin, Anatoliy"]
[Result "1-0"]
[WhiteElo "2355"]
[BlackElo "2109"]
[PlyCount "85"]
[EventDate "2012.09.22"]
[SourceDate "2012.09.26"]

1. Nf3 d5 2. d4 Nf6 3. c4 e6 4. Nc3 Be7 5. Bg5 h6 6. Bh4 O-O 7. e3 Ne4 8. Bxe7
Qxe7 9. Rc1 c6 10. Bd3 Nxc3 11. Rxc3 Nd7 12. O-O dxc4 13. Bxc4 e5 14. Bb3 exd4
15. exd4 Nf6 16. Re1 Qd6 17. Ne5 Nd5 18. Rg3 Bf5 19. Qh5 Bh7 20. Qg4 g5 21. h4
f6 22. hxg5 fxg5 23. f4 Rf5 24. fxg5 Rxg5 25. Qh4 Rg7 26. Ree3 Rf8 27. Rxg7+
Kxg7 28. Rg3+ Kh8 29. Ng6+ Kg7 30. Nxf8+ Kxf8 31. Bxd5 cxd5 32. Rf3+ Kg7 33.
Qf4 Qe7 34. Qe5+ Qxe5 35. dxe5 Be4 36. Rf4 a6 37. e6 Bg6 38. e7 Bf7 39. Kf2 b5
40. Ke3 h5 41. Kd4 b4 42. Kc5 Kg6 43. Kd6 1-0

[Event "Chervonny Open 2012"]
[Site "?"]
[Date "2012.09.21"]
[Round "3"]
[White "Guseva, Lidia"]
[Black "Kozlov, Aleksandr"]
[Result "0-1"]
[WhiteElo "1540"]
[BlackElo "2153"]
[PlyCount "118"]
[EventDate "2012.09.22"]
[SourceDate "2012.09.26"]

1. e4 c5 2. Nf3 a6 3. d4 cxd4 4. Nxd4 Nf6 5. Nc3 e5 6. Nb3 Bb4 7. Bg5 h6 8.
Bxf6 Qxf6 9. Qd2 Qc6 10. f3 d6 11. O-O-O Be6 12. a3 Bxc3 13. Qxc3 Qxc3 14. bxc3
Ke7 15. Be2 Nc6 16. Rd2 Rhd8 17. Rhd1 Rac8 18. g3 f6 19. c4 b6 20. Kb2 a5 21.
Kc3 a4 22. Nc1 Na5 23. Na2 Bxc4 24. Kb2 Bxe2 25. Rxe2 Nc4+ 26. Ka1 Nxa3 27. Nb4
Ke6 28. f4 b5 29. f5+ Kf7 30. Red2 Nc4 31. Rd3 Rd7 32. Nd5 Rb7 33. Rb1 Rc6 34.
Nb4 Rc5 35. Na6 Rc6 36. Nb4 Rc8 37. Nd5 Rcb8 38. Rb4 Ke8 39. Nc3 Kd7 40. Nd5
Kc6 41. c3 Ra8 42. Rd1 Kc5 43. h4 h5 44. g4 hxg4 45. Rg1 Rh8 46. Rxg4 Na5 47.
Ne3 Nc6 48. Rb1 b4 49. Nc2 b3 50. Na3 Rh7 51. Rd1 Ne7 52. Kb2 Ra7 53. h5 Rxh5
54. Rxg7 Rh2+ 55. Kc1 Ra2 56. Rd5+ Nxd5 57. Rxa7 Nxc3 58. Ra5+ Kb4 59. Rb5+
Nxb5 0-1

[Event "Chervonny Open 2012"]
[Site "?"]
[Date "2012.09.21"]
[Round "3"]
[White "Kasyanov, Vasiliy"]
[Black "Kovalev, Aleksandr"]
[Result "0-1"]
[WhiteElo "2113"]
[BlackElo "1929"]
[PlyCount "45"]
[EventDate "2012.09.22"]
[SourceDate "2012.09.26"]

1. d4 d5 2. Bg5 Nc6 3. e3 Bf5 4. Bd3 Qd7 5. c3 e5 6. Ne2 Bd6 7. O-O f6 8. Bh4
Nge7 9. Bg3 h5 10. dxe5 Nxe5 11. Bxe5 fxe5 12. Bxf5 Qxf5 13. Qb3 O-O-O 14. Na3
a6 15. Rad1 h4 16. f3 Bc5 17. Nc2 g5 18. Kh1 g4 19. Ng1 h3 20. gxh3 gxh3 21. c4
Qg5 22. Rf2 Rdg8 23. Qd3 0-1

[Event "Chervonny Open 2012"]
[Site "?"]
[Date "2012.09.21"]
[Round "3"]
[White "Balashov, Pavel"]
[Black "Redikultsev, Boris"]
[Result "0-1"]
[WhiteElo "1938"]
[BlackElo "2055"]
[PlyCount "82"]
[EventDate "2012.09.22"]
[SourceDate "2012.09.28"]

1. e4 c5 2. Nf3 d6 3. d4 cxd4 4. Nxd4 Nf6 5. Nc3 a6 6. Bc4 e6 7. Bb3 b5 8. O-O
Bb7 9. Re1 Nbd7 10. f4 Rc8 11. f5 e5 12. Nf3 Nb6 13. Qe2 Be7 14. Bg5 O-O 15.
Rad1 b4 16. Bxf6 Bxf6 17. Nd5 Nxd5 18. Bxd5 Qb6+ 19. Kh1 Bxd5 20. Rxd5 Rc6 21.
Red1 Rfc8 22. R1d2 Qc7 23. g4 h6 24. Kg2 Be7 25. Kg3 Rc4 26. h4 a5 27. Ne1 a4
28. Kh3 Qa7 29. Nf3 a3 30. b3 Rc3 31. R5d3 R8c6 32. g5 hxg5 33. hxg5 Qc7 34.
Rxc3 Rxc3 35. Kg4 Qc5 36. g6 Qe3 37. Qxe3 Rxe3 38. gxf7+ Kxf7 39. Ng5+ Kg8 40.
Rd5 Re2 41. Rb5 Rg2+ 0-1